000 00674cam a2200193 i 4500
005 20251123102726.0
008 250721s2005 jo gr 000 0 ara d
082 1 4 _a210.7
_bح ر ب
100 1 _aحرب، إيمان فوزي
_eمؤلف.
245 1 0 _aإذا كنت معلماً /
_cتأليف ايمان فوزي حرب ؛ تنسيق لارا على ابو حمامة.
264 3 1 _aعمان :
_bدار النفائس،
_c2005.
300 _a80 صفحة.
650 1 7 _aالتربية الإسلامية.
650 1 7 _aأساليب التدريس.
650 1 7 _aالتفكير.
650 1 7 _aالإبداع.
942 _2ddc
_cBK
999 _c96278
_d96278